<?xml version="1.0" encoding="UTF-8"?>
<record
    xmlns:xsi="http://www.w3.org/2001/XMLSchema-instance"
    xsi:schemaLocation="http://www.loc.gov/MARC21/slim http://www.loc.gov/standards/marcxml/schema/MARC21slim.xsd"
    xmlns="http://www.loc.gov/MARC21/slim">

  <leader>00744nam a2200169Ia 4500</leader>
  <controlfield tag="008">090711s9999    xx            000 0 und d</controlfield>
  <datafield tag="082" ind1=" " ind2=" ">
    <subfield code="b">1743</subfield>
  </datafield>
  <datafield tag="100" ind1=" " ind2=" ">
    <subfield code="a">&#x92D;&#x91F; &#x935;&#x93F;&#x920;&#x94D;&#x920;&#x932;&#x930;&#x93E;&#x92F;</subfield>
  </datafield>
  <datafield tag="245" ind1=" " ind2=" ">
    <subfield code="a">&#x928;&#x94B;&#x92C;&#x947;&#x932; &#x92A;&#x941;&#x930;&#x938;&#x94D;&#x915;&#x93E;&#x930; &#x935;&#x93F;&#x91C;&#x947;&#x924;&#x947; &#x92D;&#x93E;&#x930;&#x924;&#x930;&#x924;&#x94D;&#x928; &#x905;&#x92E;&#x930;&#x94D;&#x924;&#x94D;&#x92F; &#x938;&#x947;&#x928;</subfield>
  </datafield>
  <datafield tag="260" ind1=" " ind2=" ">
    <subfield code="c">1999</subfield>
  </datafield>
  <datafield tag="300" ind1=" " ind2=" ">
    <subfield code="a">22</subfield>
  </datafield>
  <datafield tag="600" ind1=" " ind2=" ">
    <subfield code="a">&#x92D;&#x91F; &#x935;&#x93F;&#x920;&#x94D;&#x920;&#x932;&#x930;&#x93E;&#x92F;</subfield>
  </datafield>
  <datafield tag="630" ind1=" " ind2=" ">
    <subfield code="a">&#x928;&#x94B;&#x92C;&#x947;&#x932; &#x92A;&#x941;&#x930;&#x938;&#x94D;&#x915;&#x93E;&#x930; &#x935;&#x93F;&#x91C;&#x947;&#x924;&#x947; &#x92D;&#x93E;&#x930;&#x924;&#x930;&#x924;&#x94D;&#x928; &#x905;&#x92E;&#x930;&#x94D;&#x924;&#x94D;&#x92F; &#x938;&#x947;&#x928;</subfield>
  </datafield>
  <datafield tag="700" ind1=" " ind2=" ">
    <subfield code="a">&#x92D;&#x91F; &#x935;&#x93F;&#x920;&#x94D;&#x920;&#x932;&#x930;&#x93E;&#x92F;</subfield>
  </datafield>
  <datafield tag="730" ind1=" " ind2=" ">
    <subfield code="a">&#x928;&#x94B;&#x92C;&#x947;&#x932; &#x92A;&#x941;&#x930;&#x938;&#x94D;&#x915;&#x93E;&#x930; &#x935;&#x93F;&#x91C;&#x947;&#x924;&#x947; &#x92D;&#x93E;&#x930;&#x924;&#x930;&#x924;&#x94D;&#x928; &#x905;&#x92E;&#x930;&#x94D;&#x924;&#x94D;&#x92F; &#x938;&#x947;&#x928;</subfield>
  </datafield>
  <datafield tag="942" ind1=" " ind2=" ">
    <subfield code="c">BOOK</subfield>
  </datafield>
  <datafield tag="999" ind1=" " ind2=" ">
    <subfield code="c">334621</subfield>
    <subfield code="d">334621</subfield>
  </datafield>
</record>
